[Event "56th World U20 ch"]
[Site "Tarvisio ITA"]
[Date "2017.11.24"]
[Round "10.44"]
[White "Nie Xinyang"]
[Black "Krishna Teja, N."]
[Result "0-1"]
[WhiteElo "2288"]
[BlackElo "2363"]
[EventDate "2017.11.13"]
[PlyCount "174"]

1.d4 Nf6 2.Nf3 e6 3.Bf4 c5 4.e3 Nc6 5.c3 d5 6.Nbd2 Bd6 7.Bg3 O-O 8.Bd3 b6 
9.e4 dxe4 10.Nxe4 Nxe4 11.Bxe4 Bb7 12.dxc5 Bxc5 13.Qa4 Rc8 14.Rd1 Qe7 15.
O-O Rfd8 16.Rfe1 h6 17.Rxd8+ Nxd8 18.Bc2 Bc6 19.Qa6 Qb7 $11 20.Qd3 f5 21.
Qe2 b5 22.Bb3 Be4 23.Nd2 Bxg2 24.Bxe6+ Nxe6 25.Qxe6+ Kh8 26.Qxf5 Bd5 27.
Re5 Rd8 28.Bh4 Rf8 29.Qd3 Bh1 30.Ne4 Bxe4 31.Qxe4 Qc8 32.Bg3 Bb6 33.Rxb5 
Qd7 34.c4 Qd2 35.Rf5 Rxf5 36.Qxf5 Qc1+ 37.Kg2 Qxc4 38.b3 Qc6+ 39.Qf3 Qe6 
40.h4 Bc5 41.Qc3 Qd5+ 42.Qf3 Qe6 43.Qb7 Bb6 44.Qa8+ Kh7 45.Qf3 Kh8 46.a3 
a5 47.b4 axb4 48.axb4 Kg8 49.b5 Qd7 50.Qc6 Qd4 51.Qe8+ Kh7 52.Qe5 Qd8 53.
Qd6 Qa8+ 54.Kh2 Qa7 55.Qe6 Qb7 56.Qf5+ Kg8 57.Qg6 Qa7 58.Qe6+ Kh7 59.Kh3 
Bc5 60.Kh2 Bb6 61.Kh3 Bc5 62.Qc6 Bb6 63.f3 Kg8 64.Qe6+ Kh7 65.Kg4 Bg1 66.
Qf5+ Kg8 67.Kh5 Bd4 68.Qe6+ Kh7 69.Qe4+ Kg8 70.Qd5+ Kh7 71.Qf5+ Kg8 72.
Qc8+ Kh7 73.Qc2+ Kg8 74.Qc7 Qa1 75.Qc4+ Kh8 76.Qc8+ Kh7 77.Qf5+ Kh8 78.Kg6
Qa8 79.Qd7 Qg8 $11 80.Qf7 Qh7+ 81.Kh5 Qd3 82.Qe8+ Kh7 83.Qe4+ g6+ 84.Kg4 
h5+ 85.Kh3 $11 Qf1+ 86.Kh2 Bg1+ 87.Kh1 Bf2+ 0-1

[Event "56th World U20 ch"]
[Site "Tarvisio ITA"]
[Date "2017.11.24"]
[Round "10.45"]
[White "Vykouk, Jan"]
[Black "Micottis, Dorian"]
[Result "1-0"]
[WhiteElo "2430"]
[BlackElo "2273"]
[EventDate "2017.11.13"]
[PlyCount "63"]

1.Nf3 Nf6 2.c4 g6 3.Nc3 d5 4.cxd5 Nxd5 5.h4 Bg7 6.e4 Nxc3 7.dxc3 Qxd1+ 8.
Kxd1 e5 9.Kc2 f6 10.h5 Be6 11.Be3 Nd7 12.Rd1 a5 13.hxg6 hxg6 14.Rxh8+ Bxh8
15.Nh4 Kf7 16.Bc4 Nf8 17.Bxe6+ Kxe6 18.g4 Bg7 19.f3 b6 20.a4 Ke7 21.Kb3 
Rd8 22.Rxd8 Kxd8 23.Kc4 Kc8 24.b4 axb4 25.cxb4 g5 26.Nf5 Ne6 27.Ne7+ Kb7 
28.Kd5 Nd8 29.b5 c5 30.bxc6+ Kc7 31.a5 bxa5 32.Bd2 1-0

[Event "56th World U20 ch"]
[Site "Tarvisio ITA"]
[Date "2017.11.24"]
[Round "10.46"]
[White "Nikolovski, Nikola"]
[Black "Kumar, Gaurav"]
[Result "1-0"]
[WhiteElo "2412"]
[BlackElo "2297"]
[EventDate "2017.11.13"]
[PlyCount "93"]

1.e4 c5 2.Nc3 Nc6 3.f4 g6 4.Nf3 Bg7 5.Be2 d6 6.O-O e6 7.Qe1 Nge7 8.d3 O-O 
9.h4 h5 10.Ng5 Nd4 11.Bd1 f6 12.Nf3 e5 13.Ne2 Nxf3+ 14.gxf3 Qd7 15.c3 Kh7 
16.Qg3 Qh3 17.Bb3 Qxg3+ 18.Nxg3 Bh6 19.Ne2 f5 20.fxe5 dxe5 21.Rf2 b6 22.d4
fxe4 23.fxe4 Bg4 24.Bxh6 Rxf2 25.Kxf2 Kxh6 26.dxe5 Rf8+ 27.Ke3 Rf3+ 28.Kd2
Rf2 29.Re1 g5 30.hxg5+ Kxg5 31.Ke3 $11 Rf3+ 32.Kd2 Rf2 33.Ke3 Rf3+ 34.Kd2 
h4 35.Rg1 Nc6 36.e6 Rf2 37.Bd1 h3 38.Ke1 Rf3 39.Nd4 Nxd4 40.cxd4 h2 41.Rh1
Rg3 42.Bxg4 Rg1+ 43.Kf2 Rxh1 44.Bf3 Rb1 45.e7 Kf4 46.e8=Q Rxb2+ 47.Be2 1-0

[Event "56th World U20 ch"]
[Site "Tarvisio ITA"]
[Date "2017.11.24"]
[Round "10.47"]
[White "Huber, Martin Christian"]
[Black "Holtman, Teodor"]
[Result "1-0"]
[WhiteElo "2396"]
[BlackElo "2296"]
[EventDate "2017.11.13"]
[PlyCount "46"]

1.Nf3 f5 2.g3 Nf6 3.Bg2 d6 4.d4 g6 5.O-O Bg7 6.c4 O-O 7.Nc3 c6 8.b3 Qc7 9.
Ba3 a5 10.Qd2 Na6 11.Rac1 Nb4 12.Rfd1 Re8 13.d5 Bd7 14.Nd4 Kh8 15.e3 Ng4 
16.Bb2 Nf6 17.h4 Na6 18.Nce2 Nc5 19.Nf4 Rad8 20.Nf3 e5 21.dxe6 Bxe6 22.h5 
Qf7 23.h6 Bxh6 {... 36 moves} 1-0

[Event "56th World U20 ch"]
[Site "Tarvisio ITA"]
[Date "2017.11.24"]
[Round "10.48"]
[White "Tahay, Alexis"]
[Black "Mohammad, Nubairshah Shaikh"]
[Result "0-1"]
[WhiteElo "2285"]
[BlackElo "2394"]
[EventDate "2017.11.13"]
[PlyCount "60"]

1.c4 g6 2.Nc3 Bg7 3.d4 c5 4.e3 Nf6 5.d5 O-O 6.Nf3 e6 7.e4 exd5 8.exd5 a6 
9.a4 d6 10.h3 Nfd7 11.Be2 Ne5 12.O-O Nxf3+ 13.Bxf3 Nd7 14.Be2 Re8 15.Bf4 
Ne5 16.Bd2 Qa5 17.Re1 f5 18.Bf1 Bd7 19.Bh6 Bh8 20.Qc2 Qd8 21.Bd2 Qh4 22.f4
Ng4 23.Ne2 Qf2+ 24.Kh1 Ne3 25.Bxe3 Rxe3 26.Red1 Rae8 27.Rd2 g5 28.Ng1 Qxf4
29.Rf2 Qg3 30.Bd3 Rxd3 0-1

[Event "56th World U20 ch"]
[Site "Tarvisio ITA"]
[Date "2017.11.24"]
[Round "10.49"]
[White "Lopez Gonzalez, Abel Fabian"]
[Black "Signorelli, Gaetano"]
[Result "1-0"]
[WhiteElo "2384"]
[BlackElo "2193"]
[EventDate "2017.11.13"]
[PlyCount "75"]

1.e4 c5 2.Nf3 Nc6 3.Bb5 Nf6 4.Bxc6 dxc6 5.d3 Bg4 6.h3 Bh5 7.g4 Bg6 8.Ne5 
Nd7 9.Nxg6 hxg6 10.Be3 e5 11.Nd2 Be7 12.Qe2 Nf8 13.Nf3 Qc7 14.O-O-O Ne6 
15.c3 O-O-O 16.h4 Rh7 17.Kb1 Rdh8 18.Rh2 g5 19.h5 g6 20.Rdh1 gxh5 21.Rxh5 
Rxh5 22.Rxh5 Rxh5 23.gxh5 f6 24.Nh2 Qd8 25.h6 Qh8 26.Qh5 Qh7 27.Qe8+ Nd8 
28.Ng4 c4 29.Kc2 cxd3+ 30.Kxd3 Kc7 31.f3 b6 32.a4 c5 33.Bd2 Kd6 34.Ne3 Ke6
35.Nf5 c4+ 36.Kc2 Qf7 37.Ng7+ Kd6 38.h7 1-0

[Event "56th World U20 ch"]
[Site "Tarvisio ITA"]
[Date "2017.11.24"]
[Round "10.50"]
[White "Lamard, Guillaume"]
[Black "Tasdogen, Dincer"]
[Result "1-0"]
[WhiteElo "2376"]
[BlackElo "2235"]
[EventDate "2017.11.13"]
[PlyCount "81"]

1.Nf3 g6 2.g3 Bg7 3.d4 d6 4.Bg2 e5 5.c4 exd4 6.Nxd4 Ne7 7.Nc3 O-O 8.Bg5 h6
9.Be3 Nd7 10.h3 Nb6 11.Qd3 d5 12.c5 Nc4 13.Bc1 c6 14.O-O Nf5 15.Nb3 Ne5 
16.Qc2 d4 17.Rd1 Qe7 18.Ne4 Be6 19.Nxd4 Nxd4 20.Rxd4 Bf5 21.Be3 Nd7 22.Ra4
g5 23.Qc1 b5 24.cxb6 Nxb6 25.Bc5 Qe6 26.Rb4 Rfd8 27.g4 Bg6 28.Nc3 Nd5 29.
Nxd5 cxd5 30.Qe3 Qxe3 31.Bxe3 a5 32.Rb5 Rab8 33.a4 Bxb2 34.Ra2 Bc3 35.Bb6 
Rdc8 36.Bxd5 Bb1 37.Rxb1 Bd4 38.Bxd4 Rxb1+ 39.Kg2 Rd1 40.e3 Rcc1 41.Rb2 
1-0

[Event "56th World U20 ch"]
[Site "Tarvisio ITA"]
[Date "2017.11.24"]
[Round "10.51"]
[White "Tuomainen, Felix"]
[Black "Urazayev, Arystanbek"]
[Result "0-1"]
[WhiteElo "2214"]
[BlackElo "2349"]
[EventDate "2017.11.13"]
[PlyCount "36"]

1.d4 Nf6 2.c4 g6 3.Nc3 Bg7 4.e4 d6 5.h3 O-O 6.Be3 e5 7.d5 a5 8.Nge2 Na6 9.
g4 Nd7 10.Ng3 Qh4 11.Qc2 h6 12.O-O-O Ndc5 13.Be2 Kh7 14.Rdg1 Nb4 15.Qb1 
Bf6 16.Nb5 Bd8 17.f3 Bd7 18.Bf2 Bg5+ {... 52 moves} 0-1

[Event "56th World U20 ch"]
[Site "Tarvisio ITA"]
[Date "2017.11.24"]
[Round "10.52"]
[White "Schweighoffer, Martin"]
[Black "Brazdzionis, Andrius"]
[Result "0-1"]
[WhiteElo "2123"]
[BlackElo "2322"]
[EventDate "2017.11.13"]
[PlyCount "122"]

1.e4 c5 2.Nc3 Nc6 3.g3 g6 4.Bg2 Bg7 5.d3 d6 6.Be3 e5 7.Qd2 Be6 8.Nf3 h6 9.
O-O Qd7 10.Ne1 Nf6 11.f3 b6 12.a4 Rc8 13.b3 d5 14.exd5 Nxd5 15.Nxd5 Bxd5 
16.Rd1 h5 17.f4 exf4 18.Bxf4 O-O 19.Bh6 Bd4+ 20.Kh1 Rfe8 21.Nf3 Bg7 22.
Bxg7 Kxg7 23.Rf2 Bxf3 24.Bxf3 Nd4 25.Rdf1 Re5 26.Bd1 Qd5+ 27.Kg1 Rc7 28.
Qf4 Rce7 29.Qf6+ Kg8 30.Bf3 Qd7 31.Be4 Qe6 32.Qxe6 Nxe6 33.Bf3 Nd4 34.Be4 
f5 35.Bf3 Kg7 36.Kg2 Kf6 37.Bd1 Rd7 38.h3 Re3 39.g4 hxg4 40.hxg4 Rg7 41.
Rh1 Ne6 42.Kf1 f4 43.Rh8 Re7 44.Kg2 Ke5 45.Bf3 Kd4 46.Be4 Rg3+ 47.Kf1 Rxg4
48.Rg8 Kc3 49.Rxg6 Rxg6 50.Bxg6 Nd4 51.Rxf4 Nxc2 52.a5 b5 53.Rf8 Re1+ 54.
Kf2 Ra1 55.Rc8 Kb4 56.Bf7 Rxa5 57.Kf3 Nd4+ 58.Ke4 Ra3 59.Rc7 a5 60.Bg6 
Rxb3 61.Kd5 Rc3 0-1

[Event "56th World U20 ch"]
[Site "Tarvisio ITA"]
[Date "2017.11.24"]
[Round "10.53"]
[White "Chinguun, Bayaraa"]
[Black "Nowak, Lukasz"]
[Result "0-1"]
[WhiteElo "1820"]
[BlackElo "2310"]
[EventDate "2017.11.13"]
[PlyCount "106"]

1.d4 Nf6 2.c4 e6 3.Nf3 d5 4.Nc3 a6 5.Bg5 dxc4 6.a4 Nc6 7.e4 Na5 8.e5 h6 9.
Bh4 g5 10.Nxg5 hxg5 11.Bxg5 Be7 12.Bxf6 Bxf6 13.exf6 Qxf6 14.Ne4 Qf4 15.
Nc5 Nc6 16.Bxc4 Nxd4 17.Nb3 Nc6 18.Qe2 Rxh2 19.Rxh2 Qxh2 20.O-O-O Qf4+ 21.
Kb1 Bd7 22.Ka1 Ne5 23.Rd4 Qf6 24.Re4 Nxc4 25.Qxc4 O-O-O 26.Rf4 Qe7 27.Na5 
Be8 28.Qb3 c5 29.Rc4 Rd5 30.Qb6 Qc7 31.Qxc7+ Kxc7 32.Nb3 Kd6 33.Kb1 b5 34.
axb5 axb5 35.Rf4 c4 36.Nc1 Kc5 37.Ne2 b4 38.Rf3 Rd2 39.Nc1 Bc6 40.Re3 Rxf2
41.b3 Kd4 42.Rg3 Be4+ 43.Ka1 Rf1 44.Kb2 c3+ 45.Ka2 Rxc1 46.Rg8 Bb1+ 47.Ka1
Bh7+ 48.Ka2 Bxg8 49.g4 Rc2+ 50.Ka1 f6 51.g5 e5 52.gxf6 Bxb3 53.f7 Rc1# 0-1

[Event "56th World U20 ch"]
[Site "Tarvisio ITA"]
[Date "2017.11.24"]
[Round "10.54"]
[White "Chen, Richard"]
[Black "Pang Tao"]
[Result "0-1"]
[WhiteElo "2309"]
[BlackElo "2192"]
[EventDate "2017.11.13"]
[PlyCount "58"]

1.e4 e6 2.d4 d5 3.Nd2 Nf6 4.e5 Nfd7 5.f4 c5 6.c3 b6 7.Ndf3 Be7 8.Bd3 Ba6 
9.Ne2 Bxd3 10.Qxd3 Nc6 11.O-O g6 12.Be3 Rc8 13.Rac1 Na5 14.b3 Qc7 15.g4 c4
16.Qd1 cxb3 17.axb3 f5 18.gxf5 exf5 19.Kh1 Rg8 20.Ng3 Nf8 21.Bd2 b5 22.Ra1
Nc6 23.Qe2 Qb7 24.Rfc1 Rd8 25.Qd3 Rd7 26.c4 dxc4 27.bxc4 Nb4 28.Bxb4 Bxb4 
29.c5 a5 {... 72 moves} 0-1

[Event "56th World U20 ch"]
[Site "Tarvisio ITA"]
[Date "2017.11.24"]
[Round "10.55"]
[White "Noboa Silva, Kevin"]
[Black "Bischofberger, Dario"]
[Result "1/2-1/2"]
[WhiteElo "2356"]
[BlackElo "2108"]
[EventDate "2017.11.13"]
[PlyCount "162"]

1.e4 e6 2.d4 d5 3.Nd2 Be7 4.Bd3 c5 5.dxc5 Nf6 6.Qe2 O-O 7.Ngf3 a5 8.O-O 
Na6 9.e5 Nd7 10.c3 Naxc5 11.Bc2 b5 12.Nd4 Qc7 13.Re1 b4 14.N2f3 Ba6 15.Qe3
bxc3 16.Qxc3 Rfc8 17.Bd2 a4 18.Rac1 Qb6 19.Qa3 Qd8 20.Qe3 Rab8 21.b4 axb3 
22.axb3 Bb7 23.Bb1 Ne4 24.Bd3 Qb6 25.Bb5 Nxd2 26.Nxd2 Nc5 27.b4 Na6 28.
Rxc8+ Rxc8 29.Nf5 Qxe3 30.Nxe7+ Kf8 31.fxe3 Kxe7 32.Bxa6 Bxa6 33.Nf3 f6 
34.Ra1 Bb7 35.Ra7 Rb8 36.Kf2 fxe5 37.Nxe5 Kd6 38.Nd3 e5 39.Kg3 g6 40.Nc5 
Bc8 41.Ra4 Bd7 42.Ra6+ Bc6 43.Nb3 Kc7 44.Na5 Bd7 45.Ra7+ Kc8 46.e4 dxe4 
47.Nc4 Rxb4 48.Nxe5 Bf5 49.Rxh7 e3 50.Rh4 Rb2 51.Nf3 Kd7 52.Ra4 Ke7 53.Ra3
e2 54.Re3+ Kf6 55.Nd4 Bd3 56.Kf3 Bc4 57.Nxe2 Bxe2+ 58.Rxe2 Rb3+ 59.Re3 Rb2
60.h4 Ra2 61.g3 Ra1 62.Kf4 Ra4+ 63.Re4 Ra6 64.Rb4 Rc6 65.g4 Ra6 66.g5+ Ke6
67.Kg4 Kf7 68.Rc4 Kg7 69.Rc7+ Kg8 70.Kf4 Ra4+ 71.Ke5 Rxh4 72.Kf6 Ra4 73.
Rg7+ Kh8 74.Rxg6 Ra6+ 75.Kf5 Ra5+ 76.Kg4 Kh7 77.Re6 Kg7 78.Kh5 Ra7 79.Rg6+
Kf7 80.Rf6+ Kg7 81.Rf5 Ra1 1/2-1/2

[Event "56th World U20 ch"]
[Site "Tarvisio ITA"]
[Date "2017.11.24"]
[Round "10.56"]
[White "Heinechen, Juan"]
[Black "Abdulla, Murad"]
[Result "1/2-1/2"]
[WhiteElo "2101"]
[BlackElo "2316"]
[EventDate "2017.11.13"]
[PlyCount "85"]

1.e4 Nf6 2.e5 Nd5 3.c4 Nb6 4.d4 d6 5.f4 dxe5 6.fxe5 Nc6 7.Be3 Bf5 8.Nc3 e6
9.Be2 Be7 10.Nf3 Qd7 11.O-O O-O-O 12.Qd2 Bg4 13.Rad1 f6 14.exf6 gxf6 15.c5
Nd5 16.Nxd5 Qxd5 17.b4 Rhg8 18.b5 Nb8 19.c6 bxc6 20.bxc6 Nxc6 21.Rc1 Rd6 
22.Qc2 Bf5 23.Qa4 Qa5 24.Qc4 Qb6 25.Bf4 Nxd4 26.Nxd4 Qxd4+ 27.Qxd4 Rxd4 
28.Rxc7+ Kd8 29.Rxa7 Bc5 30.Ra8+ Ke7 31.Rxg8 Rd8+ 32.Kh1 Rxg8 33.Bf3 e5 
34.Bg3 Bd3 35.Re1 Bd4 36.Rc1 Rd8 37.h3 Rd7 38.Bh4 e4 39.Re1 Be5 40.Bxe4 
Bxe4 41.Rxe4 Ke6 42.Kg1 Rd2 43.Ra4 1/2-1/2

[Event "56th World U20 ch"]
[Site "Tarvisio ITA"]
[Date "2017.11.24"]
[Round "10.57"]
[White "Miciano, John Marvin"]
[Black "Sukovic, Andrej"]
[Result "1-0"]
[WhiteElo "2151"]
[BlackElo "2306"]
[EventDate "2017.11.13"]
[PlyCount "78"]

1.e4 c5 2.Nf3 d6 3.d4 cxd4 4.Nxd4 Nf6 5.Nc3 a6 6.h3 e5 7.Nde2 h5 8.Bg5 Be6
9.g3 Nbd7 10.Bg2 b5 11.Nd5 Bxd5 12.exd5 Be7 13.O-O Rc8 14.a4 b4 15.c3 bxc3
16.Nxc3 a5 17.Nb5 Qb6 18.Qd2 O-O 19.Be3 Nc5 20.b4 axb4 21.Qxb4 Qb7 22.Rfb1
e4 23.Nc3 Qd7 24.a5 Nd3 25.Qd4 Rxc3 26.Qxc3 Nxd5 27.Qd4 Nxe3 28.Bxe4 Nc2 
29.Qxd3 Nxa1 30.Rxa1 Bf6 31.Rb1 Qa4 32.a6 Bd4 33.Bd5 Bc5 34.Rb7 h4 35.Qf3 
Bxf2+ 36.Kg2 Qc2 37.Bxf7+ Kh8 38.Qh5+ Qh7 39.Qxh7+ Kxh7 1-0

[Event "56th World U20 ch"]
[Site "Tarvisio ITA"]
[Date "2017.11.24"]
[Round "10.58"]
[White "Willathgamuwa, Kevin"]
[Black "Urbanc, Peter"]
[Result "0-1"]
[WhiteElo "1996"]
[BlackElo "2290"]
[EventDate "2017.11.13"]
[PlyCount "112"]

1.Nf3 d5 2.g3 Nf6 3.Bg2 c5 4.c4 d4 5.d3 Nc6 6.O-O e5 7.e3 Bd6 8.exd4 cxd4 
9.Bg5 O-O 10.Nbd2 Bf5 11.Qb3 h6 12.Bxf6 Qxf6 13.Rfe1 Rac8 14.a3 b6 15.Ne4 
Qe7 16.Nfd2 Bc7 17.c5 Be6 18.Qa4 Bd7 19.Rac1 Na5 20.Qb4 Nc6 21.Qa4 f5 22.
cxb6 Bxb6 23.Nc5 Be8 24.Bd5+ Kh8 25.Ne6 Rf6 26.Bxc6 Rxc6 27.Rxc6 Bxc6 28.
Qxc6 Rxe6 29.Qa8+ Kh7 30.Qd5 Bc7 31.f4 Rg6 32.Nf3 Qe6 33.Qxe6 Rxe6 34.fxe5
g5 35.Kf1 Kg6 36.Nxd4 Rxe5 37.Ne6 Rxe1+ 38.Kxe1 Bd6 39.Kd2 Kh5 40.Ng7+ Kg4
41.h3+ Kxh3 42.Nxf5 Bxg3 43.Nxh6 Bf4+ 44.Kc3 g4 45.Nf5 g3 46.Nxg3 Kxg3 47.
Kb4 Be5 48.b3 Kf3 49.Kb5 Ke3 50.Ka6 Bd4 51.b4 Kxd3 52.b5 Kc4 53.a4 Bb6 54.
a5 Kc5 55.Kb7 Kxb5 56.a6 Be3 0-1

[Event "56th World U20 ch"]
[Site "Tarvisio ITA"]
[Date "2017.11.24"]
[Round "10.59"]
[White "Favaloro, Andrea"]
[Black "Hiebert, Kenji"]
[Result "0-1"]
[WhiteElo "2260"]
[BlackElo "2017"]
[EventDate "2017.11.13"]
[PlyCount "84"]

1.b3 e5 2.Bb2 Nc6 3.Nf3 e4 4.Nd4 Nf6 5.e3 Bc5 6.Nxc6 bxc6 7.d3 d5 8.Nd2 
O-O 9.Be2 Bf5 10.g4 exd3 11.cxd3 Be6 12.Rc1 Bb6 13.g5 Nd7 14.Rg1 c5 15.h4 
a5 16.h5 d4 17.e4 f5 18.Ba3 Qc8 19.Qc2 Qa6 20.f4 a4 21.b4 cxb4 22.Bxb4 c5 
23.Ba3 fxe4 24.dxe4 d3 25.Bxd3 c4 26.Nxc4 Bxg1 27.f5 Bf7 28.g6 Be8 29.Kf1 
Bc5 30.Bb2 Qa7 31.Qc3 Nf6 32.Ne5 Rc8 33.Bc4+ Kh8 34.h6 Nxe4 35.Nf7+ Rxf7 
36.hxg7+ Rxg7 37.Qh3 Bd4 38.f6 Bxf6 39.Rc2 Bxb2 40.Qxc8 Qd7 41.Qxd7 Rxd7 
42.Bb5 Rd1+ 0-1

[Event "56th World U20 ch"]
[Site "Tarvisio ITA"]
[Date "2017.11.24"]
[Round "10.60"]
[White "Peng Hongchi"]
[Black "Piyumantha, M. Sasith Nipun"]
[Result "1/2-1/2"]
[WhiteElo "2223"]
[BlackElo "2032"]
[EventDate "2017.11.13"]
[PlyCount "34"]

1.e4 c6 2.d4 d5 3.e5 Bf5 4.Nc3 e6 5.g4 Bg6 6.Nge2 c5 7.h4 h5 8.Nf4 Bh7 9.
g5 cxd4 10.Nb5 Be4 11.f3 Bf5 12.Nxd4 Ne7 13.Nxf5 Nxf5 14.Bd3 Qa5+ 15.c3 g6
16.Ne2 Bg7 17.Bf4 Qb6 {... 57 moves} 1/2-1/2

[Event "56th World U20 ch"]
[Site "Tarvisio ITA"]
[Date "2017.11.24"]
[Round "10.61"]
[White "Lin Zhaochen"]
[Black "Doluweera, Minul Sanjula"]
[Result "0-1"]
[WhiteElo "1852"]
[BlackElo "2154"]
[EventDate "2017.11.13"]
[PlyCount "54"]

1.e4 c5 2.Nf3 d6 3.d4 cxd4 4.Nxd4 Nf6 5.Nc3 g6 6.Be3 a6 7.f3 Bg7 8.Qd2 h5 
9.h4 Nbd7 10.Bc4 b5 11.Bb3 Bb7 12.a4 b4 13.Na2 a5 14.Bc4 O-O 15.Bb5 d5 16.
exd5 Nxd5 17.Nc6 Bxc6 18.Bxc6 Nxe3 19.Qxe3 Ra6 20.Bd5 Bxb2 21.Rd1 Rd6 22.
Ke2 Nf6 23.Bb3 Nd5 24.Bxd5 Rxd5 25.Qb3 Re5+ 26.Kf2 Qb6+ 27.Kg3 Re2 0-1

[Event "56th World U20 ch"]
[Site "Tarvisio ITA"]
[Date "2017.11.24"]
[Round "10.62"]
[White "Bezuidenhout, Roland"]
[Black "Silva, David"]
[Result "0-1"]
[WhiteElo "2118"]
[BlackElo "2285"]
[EventDate "2017.11.13"]
[PlyCount "78"]

1.Nf3 Nf6 2.g3 g6 3.Bg2 Bg7 4.O-O O-O 5.c4 d6 6.Nc3 Nc6 7.Rb1 d5 8.cxd5 
Nxd5 9.a3 Bf5 10.d3 Bxc3 11.e4 Bg7 12.exf5 gxf5 13.Ng5 e6 14.Nh3 Nd4 15.
Bg5 Qd7 16.Re1 c6 17.Rc1 a5 18.Qh5 a4 19.Rc4 e5 20.Bh6 Qd6 21.Bxg7 Kxg7 
22.f4 f6 23.Ng5 fxg5 24.fxe5 Qd8 25.Rxd4 Qb6 26.Qxg5+ Kh8 27.Qh4 f4 28.Re4
Qxb2 29.Bf3 fxg3 30.Qxg3 Qa1+ 31.Kf2 Qb2+ 32.Kg1 Rg8 33.Rg4 Ne3 34.e6 Qc1+
35.Kf2 Qd2+ 36.Kg1 Nxg4 37.Bxg4 Raf8 38.Qe5+ Rg7 39.e7 Qf2+ 0-1

[Event "56th World U20 ch"]
[Site "Tarvisio ITA"]
[Date "2017.11.24"]
[Round "10.63"]
[White "Willathgamuwa, Rowan"]
[Black "Pavic, Filip"]
[Result "1-0"]
[WhiteElo "1907"]
[BlackElo "2228"]
[EventDate "2017.11.13"]
[PlyCount "113"]

1.Nf3 c5 2.g3 Nc6 3.c4 g6 4.Bg2 Bg7 5.Nc3 d6 6.O-O Bf5 7.d3 Qd7 8.Re1 h5 
9.a3 Bh3 10.Bh1 h4 11.Rb1 hxg3 12.fxg3 Bg4 13.Nd5 Nf6 14.Ne3 Bh3 15.b4 Ng4
16.Nd5 Rc8 17.e3 b6 18.d4 cxb4 19.axb4 Nf6 20.Ng5 Bg4 21.Qa4 Rh5 22.h4 Ne5
23.Qxd7+ Nexd7 24.Ra1 Nxd5 25.cxd5 Rc7 26.Rf1 Bf6 27.Ne4 Bf5 28.Rf2 Bg7 
29.Rfa2 Bh6 30.Kf2 a5 31.bxa5 bxa5 32.Bd2 Bg4 33.Rxa5 f5 34.Ra8+ Kf7 35.
Nc3 g5 36.hxg5 Rh2+ 37.Kg1 Rxd2 38.gxh6 Kg6 39.Nb5 Rcc2 40.R8a7 Nf6 41.
Rxe7 Nh7 42.Rxh7 Kxh7 43.Nxd6 Kxh6 44.Nf7+ Kg7 45.Ne5 Bh3 46.d6 Kf6 47.d7 
Ke7 48.Bc6 Rxc6 49.Nxc6+ Kxd7 50.Ne5+ Kc7 $11 51.Ra7+ Kb8 52.Nc6+ Kc8 53.
d5 Rg2+ 54.Kh1 Rxg3 55.Kh2 Rxe3 56.d6 f4 57.Rc7# 1-0

[Event "56th World U20 ch"]
[Site "Tarvisio ITA"]
[Date "2017.11.24"]
[Round "10.64"]
[White "Sezdbekov, Ruslan"]
[Black "Fuentes Parra, Victor Ignacio"]
[Result "1/2-1/2"]
[WhiteElo "2188"]
[BlackElo "2087"]
[EventDate "2017.11.13"]
[PlyCount "83"]

1.e4 e6 2.d3 d5 3.Nd2 c5 4.Ngf3 Nc6 5.g3 Nge7 6.Bg2 g6 7.O-O Bg7 8.Re1 b6 
9.exd5 exd5 10.Nf1 a5 11.a4 Ra7 12.c3 O-O 13.Bf4 Ba6 14.Qd2 b5 15.axb5 
Bxb5 16.g4 Re8 17.Bh6 Bh8 18.h4 Nc8 19.Ne3 d4 20.Nd5 N6e7 21.Nxe7+ Rexe7 
22.c4 Bc6 23.Qf4 Rxe1+ 24.Rxe1 Re7 25.Rxe7 Qxe7 26.Qb8 Bd7 27.Qf4 Qf6 28.
Qc7 Qe7 29.Bg5 f6 30.Bf4 Bg7 31.Nd2 Bxg4 32.Qxe7 Nxe7 33.Bd6 Bf8 34.Ne4 
Be2 35.Nxc5 Kf7 36.Be4 Bh6 37.f4 Nc8 38.Bc7 Bf8 39.Nb7 f5 40.Bd5+ Ke8 41.
Be6 Ne7 42.Nxa5 {... 66 moves} 1/2-1/2

[Event "56th World U20 ch"]
[Site "Tarvisio ITA"]
[Date "2017.11.24"]
[Round "10.65"]
[White "Thilakarathne, G. M. H."]
[Black "Zenari, Marco"]
[Result "1-0"]
[WhiteElo "2141"]
[BlackElo "1997"]
[EventDate "2017.11.13"]
[PlyCount "91"]

1.e4 c5 2.Nf3 d6 3.d4 cxd4 4.Nxd4 Nf6 5.Nc3 g6 6.Be3 Bg7 7.f3 O-O 8.Qd2 
Nc6 9.Bc4 Bd7 10.O-O-O Rc8 11.Be2 Ne5 12.g4 b5 13.Ndxb5 Qa5 14.Nd4 Nc4 15.
Bxc4 Rxc4 16.Kb1 Rb8 17.Nb3 Qa6 18.h4 Qb7 19.Qd3 Rxc3 20.Qxc3 Nd5 21.Qd2 
Nxe3 22.Qxe3 a5 23.Qc1 Be6 24.Nd4 a4 25.c3 Bc4 26.Rh2 e5 27.Nc2 d5 28.Ne3 
Bb3 29.Rxd5 Bxd5 30.Nxd5 Qb5 31.Rd2 Bf8 32.g5 Bc5 33.Ka1 Qc4 34.Qd1 Qb5 
35.h5 gxh5 36.Nf6+ Kg7 37.Nxh5+ Kg8 38.f4 exf4 39.Nxf4 Kg7 40.Nh5+ Kg6 41.
Qf3 Be7 42.Nf6 Qxg5 43.Rg2 Qxg2 44.Qxg2+ Kxf6 45.Qf3+ Kg6 46.Qf5+ 1-0

[Event "56th World U20 ch"]
[Site "Tarvisio ITA"]
[Date "2017.11.24"]
[Round "10.66"]
[White "De Vleeschauwer, Maarten"]
[Black "Cappelletto, Joshuaede"]
[Result "1-0"]
[WhiteElo "2139"]
[BlackElo "1920"]
[EventDate "2017.11.13"]
[PlyCount "41"]

1.e4 g6 2.d4 Bg7 3.Nc3 d6 4.f4 Nf6 5.Nf3 c5 6.Bb5+ Bd7 7.e5 Ng4 8.e6 fxe6 
9.Ng5 Bxb5 10.Nxe6 Bxd4 11.Nxb5 Qa5+ 12.Qd2 Bf2+ 13.Kd1 Ne3+ 14.Ke2 Qxb5+ 
15.Kxf2 Ng4+ 16.Kg3 Qd7 17.Re1 Nf6 18.b4 b6 19.Bb2 Kf7 20.Bxf6 exf6 21.Qd5
1-0

[Event "56th World U20 ch"]
[Site "Tarvisio ITA"]
[Date "2017.11.24"]
[Round "10.67"]
[White "Tarini, Goyal"]
[Black "De Block, Yordi"]
[Result "0-1"]
[WhiteElo "2062"]
[BlackElo "2119"]
[EventDate "2017.11.13"]
[PlyCount "74"]

1.d4 Nf6 2.c4 c5 3.d5 b5 4.cxb5 a6 5.bxa6 g6 6.Nc3 Bxa6 7.e4 Bxf1 8.Kxf1 
d6 9.g3 Bg7 10.Kg2 O-O 11.Nf3 Nbd7 12.Qe2 Qa5 13.Bg5 h6 14.Bd2 Rfb8 15.
Rab1 Qa6 16.Qxa6 Rxa6 17.b3 Ne8 18.Rhc1 Bxc3 19.Bxc3 Rxa2 20.Nd2 Nc7 21.
Ra1 Rba8 22.Nc4 Nb5 23.Bb2 f6 24.Rxa2 Rxa2 25.Ra1 Rxa1 26.Bxa1 Ne5 27.Bxe5
fxe5 28.f4 exf4 29.gxf4 Nd4 30.Na5 Kf7 31.h4 Kf6 32.Kf2 e6 33.Nc4 Ke7 34.
dxe6 Kxe6 35.Nd2 d5 36.exd5+ Kxd5 37.Kg3 h5 0-1

[Event "56th World U20 ch"]
[Site "Tarvisio ITA"]
[Date "2017.11.24"]
[Round "10.68"]
[White "Sesar, Ivan"]
[Black "Song Yuxin"]
[Result "0-1"]
[WhiteElo "2207"]
[BlackElo "1951"]
[EventDate "2017.11.13"]
[PlyCount "72"]

1.c4 Nf6 2.g3 e6 3.Bg2 d5 4.Nf3 Be7 5.O-O O-O 6.d4 Nbd7 7.b3 c6 8.Nbd2 b6 
9.Qc2 Bb7 10.Rd1 Rc8 11.e4 c5 12.exd5 exd5 13.Qf5 g6 14.Qb1 Re8 15.Bb2 
dxc4 16.dxc5 Bxc5 17.Nxc4 Be4 18.Bxf6 Qxf6 19.Qb2 Qxb2 20.Nxb2 Bxf3 21.
Bxf3 Bxf2+ 22.Kf1 Ne5 23.Nc4 Nxf3 24.Kxf2 Nxh2 25.Rd4 h5 26.Rad1 Ng4+ 27.
Kg1 Ne3 28.R1d3 Nxc4 29.bxc4 Re1+ 30.Kf2 Rc1 31.Rd7 Rc2+ 32.Ke3 Rxa2 33.
Kf4 Rxc4+ 34.Ke5 Re2+ 35.Kf6 Re6+ 36.Kg5 Rg4+ 0-1

[Event "56th World U20 ch"]
[Site "Tarvisio ITA"]
[Date "2017.11.24"]
[Round "10.69"]
[White "Terryn, Ezra"]
[Black "Pangilinan, Stephen Rome"]
[Result "0-1"]
[WhiteElo "1987"]
[BlackElo "2183"]
[EventDate "2017.11.13"]
[PlyCount "46"]

1.e4 c5 2.d4 cxd4 3.c3 Nf6 4.e5 Nd5 5.Nf3 Nc6 6.cxd4 d6 7.a3 Bg4 8.Be2 
dxe5 9.dxe5 e6 10.O-O Be7 11.Re1 O-O 12.Bd2 Qb6 13.Nc3 Rad8 14.Qc1 Rd7 15.
b4 Rc8 16.Qb2 Bxf3 17.Bxf3 Bc5 18.Rf1 Bd4 19.Bxd5 exd5 20.Qb3 Nxe5 21.Nxd5
Qe6 22.Rac1 Rf8 23.Be3 Bxe3 0-1

[Event "56th World U20 ch"]
[Site "Tarvisio ITA"]
[Date "2017.11.24"]
[Round "10.70"]
[White "Li, Henry"]
[Black "Gomez Barrera, Gonzalo Andres"]
[Result "1-0"]
[WhiteElo "2168"]
[BlackElo "1741"]
[EventDate "2017.11.13"]
[PlyCount "57"]

1.e4 c5 2.Nc3 d6 3.f4 Nc6 4.Nf3 g6 5.Bc4 Bg7 6.O-O e6 7.d3 Nge7 8.Qe1 O-O 
9.f5 exf5 10.Qh4 h5 11.Bg5 Qc7 12.Bf6 Bxf6 13.Qxf6 Ne5 14.Nxe5 dxe5 15.
exf5 Bxf5 16.Rae1 Kh7 17.Ne4 Bxe4 18.Rxe4 Ng8 19.Qxe5 Qxe5 20.Rxe5 b6 21.
Bxf7 Kg7 22.Bxg8 Kxg8 23.Re7 Rae8 24.Rxf8+ Kxf8 25.Rxe8+ Kxe8 26.Kf2 Ke7 
27.Ke3 g5 28.Ke4 Ke6 29.c3 1-0

[Event "56th World U20 ch"]
[Site "Tarvisio ITA"]
[Date "2017.11.24"]
[Round "10.71"]
[White "Chan Sheng Liang, Bernard"]
[Black "Lindholm, Jere"]
[Result "1/2-1/2"]
[WhiteElo "1698"]
[BlackElo "2064"]
[EventDate "2017.11.13"]
[PlyCount "94"]

1.d4 Nf6 2.Bf4 c5 3.e3 d5 4.Nd2 Nc6 5.c3 Bf5 6.Qb3 Qb6 7.Qxb6 axb6 8.Bc7 
Nd7 9.Bb5 e6 10.Ngf3 Rc8 11.Bg3 Be7 12.Nh4 Bg4 13.h3 Bh5 14.O-O O-O 15.a4 
f6 16.Ra2 g5 17.Nhf3 Bg6 18.Rfa1 c4 19.a5 bxa5 20.Bxc6 Rxc6 21.Rxa5 Rb6 
22.R1a2 Rc8 23.Ne1 Bd6 24.Bxd6 Rxd6 25.Rb5 b6 26.Ra1 Be8 27.Ra6 Nb8 28.
Rbxb6 Nxa6 29.Rxd6 Bc6 30.e4 Kf7 31.e5 fxe5 32.Nef3 Ke7 33.dxe5 Nc5 34.Nd4
Bd7 35.Rb6 Ra8 36.b4 Na4 37.Rb7 Nxc3 38.b5 Na4 39.Nc6+ Ke8 40.Nf3 Rc8 41.
Nfd4 c3 42.Ra7 Bxc6 43.bxc6 Rxc6 44.Rxa4 c2 45.Nxc2 Rxc2 46.Kf1 Kf7 47.g4 
Rc7 1/2-1/2